Upanyas bishleshan jyoti (Record no. 10030)

MARC details
000 -LEADER
fixed length control field 00536cam a2200205ua 4500
001 - CONTROL NUMBER
control field 11177
005 - DATE AND TIME OF LATEST TRANSACTION
control field 20260515114720.0
008 - FIXED-LENGTH DATA ELEMENTS--GENERAL INFORMATION
fixed length control field 190902n ii |||gr||||Z||||||asm
020 ## - INTERNATIONAL STANDARD BOOK NUMBER
International Standard Book Number 9788120287730
040 ## - CATALOGING SOURCE
Transcribing agency MAIN
041 ## - LANGUAGE CODE
Language code of text/sound track or separate title asm
082 ## - DEWEY DECIMAL CLASSIFICATION NUMBER
Classification number 891.4513
100 ## - MAIN ENTRY--PERSONAL NAME
Personal name Girindra Nath Bharali,
Relator term Editor.
245 ## - TITLE STATEMENT
Title Upanyas bishleshan jyoti
Statement of responsibility, etc. Edited by Girindra Nath Bharali
250 ## - EDITION STATEMENT
Edition statement 1st ed.
260 ## - PUBLICATION, DISTRIBUTION, ETC.
Place of publication, distribution, etc. Nagaon:
Name of publisher, distributor, etc. Saraswati DN prakashan,
Date of publication, distribution, etc. 2015.
300 ## - PHYSICAL DESCRIPTION
Extent 213p.
653 ## - INDEX TERM--UNCONTROLLED
Uncontrolled term Criticism on Assamese novel
942 ## - ADDED ENTRY ELEMENTS (KOHA)
Koha item type Books
Holdings
Withdrawn status Lost status Damaged status Not for loan Home library Current library Shelving location Date acquired Total checkouts Full call number Barcode Date last seen Date last checked out Copy number Price effective from Koha item type
        Naharkatiya College Library Naharkatiya College Library General stacks 09/19/2020 2 891.4513Assamese novel | UPA 27758 08/01/2024 07/08/2024 1 09/19/2020 Books